000 00146nam a22000857a 4500
082 _a823
100 _aUNKNOWN
245 _aMORAL STORIES
942 _cBK
999 _c8095
_d8095